Statistiques concernant Mélanges de drapeaux #2

Cliquez ici pour prendre le quiz!

Statistiques générales

  • Ce quiz a été pris 927 fois
  • Le résultat moyen est 17 sur 20

Statistiques - réponses

DrapeauxRéponse% Correct
45-DFD9-C6-C641-422-E-BF9-A-22-F8-DD66-DBF8France
99%
B94216-EF-2-B1-B-4207-B8-F6-6097789-EA0-CAMaroc
99%
CF31-F755-2-A20-4-EE1-9-D04-1-AB1979-AFA4-APortugal
98%
DD7-F2-F41-B863-41-E0-BB37-B228364-F0-B11 Arabie Saoudite
96%
162-B91-D9-FD93-4-F80-B60-D-21835288-A667Népal
96%
5-A37-EBAE-7-C96-4-F29-8647-531-CB17-D393-EAlbanie
95%
9-D4-AED63-D198-4-B35-8-CE0-A8-D76-B8-CC82-FLiban
95%
45-DFD9-C6-C641-422-E-BF9-A-22-F8-DD66-DBF8Mexique
95%
9-D4-AED63-D198-4-B35-8-CE0-A8-D76-B8-CC82-FVatican
92%
D19-E44-C0-D20-C-4868-BFBD-1-BD492-E5651-DSri Lanka
89%
CF31-F755-2-A20-4-EE1-9-D04-1-AB1979-AFA4-AAlgérie
85%
D19-E44-C0-D20-C-4868-BFBD-1-BD492-E5651-DBhoutan
80%
F305-D46-D-CBBA-4-A77-8-AE9-26-EC27-CF05-CEIsraël
80%
DD7-F2-F41-B863-41-E0-BB37-B228364-F0-B11 Pakistan
78%
1066-AE7-B-845-C-4-B3-E-AECC-1-BEADAE666-E9Kenya
76%
F305-D46-D-CBBA-4-A77-8-AE9-26-EC27-CF05-CESaint-Marin
74%
5-A37-EBAE-7-C96-4-F29-8647-531-CB17-D393-EBarbade
70%
1066-AE7-B-845-C-4-B3-E-AECC-1-BEADAE666-E9Eswatini
66%
B94216-EF-2-B1-B-4207-B8-F6-6097789-EA0-CAMonténégro
61%
162-B91-D9-FD93-4-F80-B60-D-21835288-A667Afghanistan
54%

Distribution des résultats

Percentile par nombre de réponses

% des personnes avec chaque résultat

Votre développement - résultats

Vous n’avez pas pris ce quiz